Obras del beato maestro Juan de Avila

Gorde:
Xehetasun bibliografikoak
Formatua: Liburua
Hizkuntza:gaztelania
Argitaratua: Madrid Apostolado de la Prensa 1927
Gaiak:
Etiketak: Etiketa erantsi
Etiketarik gabe, Izan zaitez lehena erregistro honi etiketa jartzen!

MARC

LEADER 00000nam a2200000 a 4500
001 UCJ0163
003 CL-VaPUC
008 060707e19270000SP |||||||||||||||||spa|d
082 0 4 |a 230.092  |b OBR  |2 21 
245 1 0 |a Obras del beato maestro Juan de Avila 
300 |a 2199 p 
942 |c BK 
945 |d 20060707 00:00:00  |a cmena 
260 |a Madrid  |b Apostolado de la Prensa  |c 1927 
600 0 7 |a JUAN DE AVILA  |2 CL-VaPUC  |9 478070 
650 0 |a Biografías  |9 255210 
650 7 |a BEATOS  |2 CL-VaPUC  |9 399663 
650 0 |a Teología cristiana  |9 308336 
583 |a last modification  |c 20060707 00:00:00  |k Rodrigo Vera 
999 |c 317091  |d 317089 
952 |0 0  |1 0  |4 0  |6 230_092000000000000_OBR_1927  |7 0  |8 P  |9 392849  |a BIBTEO  |b BIBTES  |c TEO_FTES  |d 2019-11-22  |i 4245989  |o 230.092 OBR 1927  |p 4245989  |r 2024-01-18  |w 2019-11-22  |y BK  |k ICR